La Universidad de Santiago de Chile: sobre sus orígenes y su desarrollo histórico

Gespeichert in:
Bibliographische Detailangaben
Hauptverfasser: Muñoz Correa, Juan Guillermo (autor), Pérez Ruíz, Roberto A (VerfasserIn)
Weitere Verfasser: Norambuena Carrasco, Carmen Eliana (autora), Ortega Martínez, Luis (autor)
Format: Buch
Sprache:Spanisch
Veröffentlicht: Santiago, Chile USACH 1987
Schlagworte:
Tags: Tag hinzufügen
Keine Tags, Fügen Sie den ersten Tag hinzu!

MARC

LEADER 00000nam a2200000 a 4500
001 UCX0359
003 CL-VaPUC
005 20221115171601.0
008 891003e19870000CL |||||||||||||||||spa|d
999 |c 221983  |d 221981 
040 |c Pontificia Universidad Católica de Valparaíso 
082 0 4 |a 378.83 MUÑ 1987  |2 21 
100 |a Muñoz Correa, Juan Guillermo  |e autor  |9 616899 
245 1 3 |a La Universidad de Santiago de Chile:  |b  sobre sus orígenes y su desarrollo histórico 
260 |a Santiago, Chile  |b USACH  |c 1987 
300 |a 298 páginas 
583 |a last modification  |c 19891003 00:00:00  |k Rodrigo Vera 
610 |2 UNIVERSIDAD DE SANTIAGO DE CHILE 
610 |2 UNIVERSIDAD TECNICA DEL ESTADO 
650 0 |a Historia  |9 255047 
700 |a Norambuena Carrasco, Carmen Eliana  |e autora  |9 876162 
700 |a Ortega Martínez, Luis  |e autor  |9 575490 
700 0 |a Pérez Ruíz, Roberto A  |e author  |9 315757 
852 |a BIBCUR 
942 |c BK  |2 ddc 
945 |d 19891003 00:00:00 
952 |0 0  |1 0  |2 ddc  |4 0  |6 378_830000000000000_MUÑ_1987  |7 0  |8 A  |9 216110  |a BIBHIS  |b BIBHIS  |d 2019-11-15  |i 2846918  |o 378.83 MUÑ 1987  |p 2846918  |r 2025-01-20  |t 1  |w 2019-11-15  |y BK  |k HIS 
952 |0 0  |1 0  |2 ddc  |4 0  |6 378_830000000000000_MUÑ_1987  |7 0  |8 A  |9 216111  |a BIBHIS  |b BIBHIS  |d 2019-11-15  |i 2846926  |o 378.83 MUÑ 1987  |p 2846926  |r 2025-01-20  |t 2  |w 2019-11-15  |y BK  |k HIS 
952 |0 0  |1 0  |2 ddc  |4 0  |6 378_830000000000000_MUÑ_1987  |7 0  |8 A  |9 216112  |a BIBHIS  |b BIBHIS  |d 2019-11-15  |i 2846934  |o 378.83 MUÑ 1987  |p 2846934  |r 2025-01-20  |t 3  |w 2019-11-15  |y BK  |k HIS 
952 |0 0  |1 0  |2 ddc  |4 0  |6 378_830000000000000_MUÑ_1987  |7 0  |8 P  |9 216113  |a BIBEDU  |b BIBEDU  |c BIBEDU_PB  |d 2019-11-15  |i 3216292  |o 378.83 MUÑ 1987  |p 3216292  |r 2019-11-15  |t 4  |w 2019-11-15  |y BK  |k EDU 
952 |0 0  |1 0  |2 ddc  |4 0  |6 378_830000000000000_MUÑ_1987  |7 0  |8 P  |9 216114  |a BIBEDU  |b BIBEDU  |c BIBEDU_PB  |d 2019-11-15  |i 3418804  |o 378.83 MUÑ 1987  |p 3418804  |r 2019-11-15  |t 5  |w 2019-11-15  |y BK  |k BME